00569nam a2200157 a 4500003000200000005001700002008004100019050003000060100002800090245006100118260009000179300004000269504004100309650002500350650003600375020250306134531.0101013s19uu xx 00 eng d aPHS BF 575.A86b.Om5 2010 aOmillo, John Ashnell E. aAttachment styles and empathy /cJohn Ashnell E. Omillo. aLas Piñas City, Philippines :bSouthville International School and Colleges,c2010. a30 pages :billustrations ;c30 cm. aIncludes bibliographical references. aAttachment behavior. aEmpathyxPsychological aspects.